00000000nam##2200000za#4500
0019.652896
003CaOODSP
00520200328182647
007ta
008150407|1989||||xxc|||||     f|0| 0 fre|d
020 |a0-660-54760-0
040 |aCaOODSP|bfre
041 |aeng
041 |afre
043 |an-cn---
0861 |aM86-24/1987
1101 |aCanada. |bRessources naturelles Canada.
24510|aLes noms géographiques et les Nations Unies, 1987
260 |bRessources naturelles Canada |c1987.
300 |avii, 126p. ; |c27 cm.
5203 |aCommunications présentées par le Canada et résolutions adoptées à la cinquième conférence des Nations Unies sur la normalisation des noms géographiques Montréal, 1987.
590 |a89-18|b1989-05-05
7760#|tGeographical names and the United Nations, 1987 |w(CaOODSP)9.676745
791 |tGeographical names and the United Nations, 1987 |eeng|w(CaOODSP)9.652895